Visualizzazione normale
Vista MARC
- Patete Antonella (a cura di)
di Personal Name
Records bibliografici associati: 1
001 - CONTROL NUMBER
- control field: 58078
003 - CONTROL NUMBER IDENTIFIER
- control field:
005 - DATE AND TIME OF LATEST TRANSACTION
- control field: 20200120115618.0
008 - FIXED-LENGTH DATA ELEMENTS
- fixed length control field: 200120|| aca||aabn | a|a d
040 ## - CATALOGING SOURCE
- Original cataloging agency:
- Transcribing agency:
100 ## - HEADING--PERSONAL NAME
- Personal name: Patete Antonella (a cura di)
670 ## - SOURCE DATA FOUND
- Source citation: Work cat.: (): Patete Antonella (a cura di), Storie di uomini e donne che non si sono arresi, 2019